Introductory Mathematics for Engineering Applications (Record no. 5961)

MARC details
000 -LEADER
fixed length control field 01136cam a2200325 i 4500
001 - CONTROL NUMBER
control field 17991970
003 - CONTROL NUMBER IDENTIFIER
control field OSt
005 - DATE AND TIME OF LATEST TRANSACTION
control field 20220209153241.0
008 - FIXED-LENGTH DATA ELEMENTS--GENERAL INFORMATION
fixed length control field 140109s2015 njua 001 0 eng
010 ## - LIBRARY OF CONGRESS CONTROL NUMBER
LC control number 2014000625
020 ## - INTERNATIONAL STANDARD BOOK NUMBER
International Standard Book Number 9781118141809 (pbk. : alk. paper)
040 ## - CATALOGING SOURCE
Original cataloging agency DLC
Language of cataloging eng
Transcribing agency DLC
Description conventions rda
Modifying agency DLC
042 ## - AUTHENTICATION CODE
Authentication code pcc
050 00 - LIBRARY OF CONGRESS CALL NUMBER
Classification number TA330
Item number .R29 2015
082 ## - DEWEY DECIMAL CLASSIFICATION NUMBER
Classification number 620 RAT 2015
100 1# - MAIN ENTRY--PERSONAL NAME
Personal name Rattan, Kuldip S.;Klingbeil, Nathan W.
9 (RLIN) 12369
245 10 - TITLE STATEMENT
Title Introductory Mathematics for Engineering Applications
264 #1 - PRODUCTION, PUBLICATION, DISTRIBUTION, MANUFACTURE, AND COPYRIGHT NOTICE
Place of production, publication, distribution, manufacture Hoboken, NJ :
Name of producer, publisher, distributor, manufacturer Wiley,
Date of production, publication, distribution, manufacture, or copyright notice 2015
300 ## - PHYSICAL DESCRIPTION
Extent viii, 419 pages :
Other physical details ill ;
Dimensions 24 cm
336 ## - CONTENT TYPE
Content type term text
Source rdacontent
337 ## - MEDIA TYPE
Media type term unmediated
Source rdamedia
338 ## - CARRIER TYPE
Carrier type term volume
Source rdacarrier
500 ## - GENERAL NOTE
General note Includes index.
650 #0 - SUBJECT ADDED ENTRY--TOPICAL TERM
Topical term or geographic name as entry element Mathematics
9 (RLIN) 12370
650 #0 - SUBJECT ADDED ENTRY--TOPICAL TERM
Topical term or geographic name as entry element Engineering
9 (RLIN) 373
776 08 - ADDITIONAL PHYSICAL FORM ENTRY
Relationship information Online version:
Main entry heading Rattan, Kuldip S.
Title Introductory mathematics for engineering applications
Place, publisher, and date of publication Hoboken, NJ : John Wiley and Sons, Inc., [2014]
International Standard Book Number 9781118476598
Record control number (DLC) 2014001143
906 ## - LOCAL DATA ELEMENT F, LDF (RLIN)
a 7
b cbc
c orignew
d 1
e ecip
f 20
g y-gencatlg
942 ## - ADDED ENTRY ELEMENTS (KOHA)
Source of classification or shelving scheme Dewey Decimal Classification
Koha item type Open Shelf
Holdings
Withdrawn status Lost status Source of classification or shelving scheme Damaged status Not for loan Home library Current library Date acquired Source of acquisition Inventory number Total Checkouts Full call number Barcode Date last seen Koha item type
    Dewey Decimal Classification     MUST Main Library MUST Main Library 18/01/2018 Purchase 17/40520   620 RAT 2015 2018-0037 18/01/2018 Open Shelf